00613cam a2200145 a 4500020001500000082001800015245007800033260003800111490001000149500019000159650001800349650001800367700002100385856006100406 a080311264500a660.60289 BIO00aBioprocessing safety:worker and community safety and heath considerations0 aPhiladelphia, PA :bASTM,cc1990.1 aSTP ; aPapers presented at the First International Symposium on Large-Scale Bioprocessing Safety: Worker and Community Safety and Health Considerations, held Oct. 6-8, 1987 in Washington, D.C. 0aBiotechnology 0aBiotechnology10aHyer, Warren C.,40uhttp://www.columbia.edu/cgi-bin/cul/resolve?clio11460720